El Instituto del Teatro de la Excelentísima Diputación Provincial de Barcelona
Descripción Física:
23 p. : il. ; 18 cm
Otros Autores:
Díaz-Plaja, Guillermo, 1909-1984
MARC
| LEADER | 00000nam a2200000Ia 4500 | ||
|---|---|---|---|
| 001 | 6123 | ||
| 003 | BGR | ||
| 005 | 20260324180127.0 | ||
| 008 | 160829s9999 xx 000 0 cat d | ||
| 080 | |a FU-1-28 | ||
| 110 | 1 | |a Institut del Teatre (Barcelona, Catalunya) |9 52662 | |
| 245 | |a El Instituto del Teatro de la Excelentísima Diputación Provincial de Barcelona | ||
| 260 | |a Barcelona : |b (Casa P. de Caridad, imprenta - escuela), [19-- ?] | ||
| 300 | |a 23 p. : |b il. ; |c 18 cm | ||
| 590 | |a A la cobertada: Director: Guillermo Díaz-Plaja. | ||
| 590 | |a Prové de s-446, exp. 4. | ||
| 590 | |a Hi ha un duplicat a: DUP-73-2 | ||
| 610 | 1 | 0 | |a Institut del Teatre (Barcelona, Catalunya) |9 52662 |
| 700 | 1 | |a Díaz-Plaja, Guillermo, |d 1909-1984 |9 20224 | |
| 710 | 1 | |a Barcelona (Catalunya : Província). |b Diputació |9 52408 | |
| 901 | |a Arxiu | ||
| 942 | |n 1 |2 udc |c MON | ||
| 952 | |0 0 |1 0 |4 0 |6 FU128 |7 1 |9 53726 |a Arxiu |b Arxiu |d 2016-12-01 |l 0 |o FU-1-28 |p 6123 |r 2016-12-01 00:00:00 |w 2016-12-01 |y ARXIU | ||
| 999 | |c 57592 |d 57592 | ||